000 00494nam a22001937a 4500
080 _a349.6 B 862
245 _aDerecho Ambiental
260 _aBuenos Aires
_bFuyndacion de Ciencias Juridicas y Sociales
_cS F
300 _a400 P.
650 _xderecho ambiental
650 _xmedio ambiente
700 _aHutchinson, Tomas
700 _aBueres, Alberto
700 _aSabsay, Daniel
700 _aDonna, Edgardo
700 _aGozaini, Osvaldo
945 _acd
_d2015-03-04
999 _c3594
_d234098
942 _6_